000 01474cam a22003374a 4500
001 13337176
003 NUST-PNEC
005 20170116180706.0
008 030909s2004 ne a b 001 0 eng
010 _a 2003049507
020 _a0123822564
040 _aDLC
_cPNEC
042 _apcc
050 0 0 _aQA47
_b.J38 2004
082 0 0 _a510.212 JEF
_222
100 1 _aJeffrey, Alan.
245 1 0 _aHandbook of mathematical formulas and integrals /
_cAlan Jeffrey.
250 _a3rd ed.
260 _aAmsterdam ;
_aBoston :
_bElsevier Academic Press,
_cc2004.
300 _axxvi, 453 p. :
_bill. ;
_c24 cm.
500 _aIncludes Index http://www.amazon.com/Handbook-Mathematical-Formulas-Integrals-Third/dp/0123822564/ref=sr_1_1?s=books&ie=UTF8&qid=1411532412&sr=1-1&keywords=0123822564
504 _aIncludes bibliographical references (p. 439-441) and index.
650 0 _aMathematics
_vTables.
650 0 _aMathematics
_vFormulae.
_xME
856 4 2 _3Publisher description
_uhttp://www.loc.gov/catdir/description/els041/2003049507.html
856 4 1 _3Table of contents
_uhttp://www.loc.gov/catdir/toc/els041/2003049507.html
856 4 2 _3Book review (E-STREAMS)
_uhttp://www.e-streams.com/es0710/es0710_3628.html
906 _a7
_bcbc
_corignew
_d1
_eocip
_f20
_gy-gencatlg
942 _2ddc
_cBK
999 _c60722
_d60722